JR山手线站点 JR Yamanote Line Stations - Statistics

General Stats
  • This quiz has been taken 62 times
  • The average score is 20 of 30
Answer Stats
编号 车站 % Correct
JY17 新宿
98%
JY13 池袋
90%
JY01 东京
90%
JY03 秋叶原
84%
JY20 涩谷
82%
JY25 品川
82%
JY05 上野
80%
JY07 日暮里
76%
JY18 代代木
74%
JY08 西日暮里
72%
JY26 高轮Gateway
72%
JY29 新桥
70%
JY22 目黑
68%
JY15 高田马场
66%
JY14 目白
64%
JY24 大崎
64%
JY16 新大久保
62%
JY19 原宿
62%
JY02 神田
62%
JY11 巢鸭
62%
JY30 有乐町
60%
JY21 惠比寿
58%
JY28 滨松町
54%
JY04 御徒町
52%
JY09 田端
52%
JY23 五反田
50%
JY10 驹込
48%
JY06 莺谷
46%
JY27 田町
42%
JY12 大冢
42%
No matching quizzes found
Score Distribution
Percent of People with Each Score
Percentile by Number Answered
Your Score History
You have not taken this quiz